Errate den Song am Songtext #9 - Statistiken

Allgemein
  • Dieses Quiz wurde 246 mal gespielt
  • Das Durchschnittsergebnis liegt bei 226 aus 458
Antwortstatistiken
Antwort % Korrekt
I
100%
you
92%
You
92%
the
82%
We
73%
we
73%
be
72%
To
72%
to
72%
And
70%
and
70%
love
69%
when
68%
When
68%
can
63%
who
62%
On
61%
on
61%
it
60%
Is
58%
is
58%
my
55%
no
54%
of
54%
go
53%
in
53%
us
52%
us)
52%
hear
49%
that
48%
want
45%
for
44%
Not
41%
see
39%
one
38%
make
37%
all
34%
Just
34%
(Just
34%
just
34%
dont
32%
if
32%
sun
32%
time
32%
two
32%
too
31%
try
31%
with
30%
get
27%
come
25%
think
24%
way
24%
together
23%
down
21%
some
21%
(yes
21%
sky
20%
them
20%
know
17%
look
17%
fall
15%
Good
15%
through
14%
baby)
13%
mind
13%
spend
13%
comes
12%
beauty
10%
morning
10%
those
10%
(Lets
9%
raindrops
9%
shining
9%
sometime
9%
big
8%
crystal
8%
tears
8%
things
8%
wait
8%
high
7%
rainbows
7%
flowers
5%
late
5%
might
5%
Wasted
5%
window
5%
Building
4%
castles
4%
darling
4%
dew
4%
gotta
4%
hall
4%
waters
4%
becomes
3%
grow
3%
Keine übereinstimmenden Quizze gefunden
Verteilung der Resultate
Anzahl Personen mit jedem Resultat
Perzentil nach korrekt beantworteten Fragen
Ihre Resultats-Entwicklung
Sie haben dieses Quiz noch nicht gespielt